000 00700nam a22002057a 4500
003 UA-OsUOA
001 33977
007 ta
008 20050919b un ||||| |||| 00| 0 ukr d
090 _a328,1
_bЯ44
942 _cMG
040 _aUA-OsUOA
_bukr
_cUA-OsUOA
_dUA-OsUOA
245 _aЯк працює твоя фракція, група
_bРезультати роботи фракцій та груп у вР України за період: травень 2002 року - березень 2004 року
300 _a73 с.
955 _a2
041 _aukr
080 _a328,1
260 _aК.
650 7 _a328 Парламенти. Представництво народу. Уряди
_2UDC
999 _c320432
_d320432